Szczegóły MARC21

"Dalle Steppe agli Oceani" : le lingue d'Europa nei dizionari = "Des Steppes aux Océans" : les langues d'Europe dans les dictionnaires /

003 -Nazwa inst., której nr kontr. jest w polu 001 [,]
    • @
    • Nazwa instytucji, której n kontrolny jest w polu 001
    • NUKAT
005 -DATA I CZAS OSTATNIEJ MODYFIKACJI [,]
    • @
    • pole kontrolne
    • 20241231100753.0
020 -Międzynarod. znormalizowany nr książki - ISBN [ , ]
    • a
    • Numer ISBN
    • 9788378672685 Find
020 -Międzynarod. znormalizowany nr książki - ISBN [ , ]
    • a
    • Numer ISBN
    • 9782357551367 Find
040 -Instytucja sporządzająca opis [ , ]
    • a
    • Instytucja, która sporządziła opis (NP)
    • WR 194/KB
    • c
    • Instytucja, która sporządziła rekord (NP)
    • WR 194/KBs
    • d
    • Instytucja, która zmodyfikowała rekord (P)
    • WR 194/DA
    • d
    • Instytucja, która zmodyfikowała rekord (P)
    • WR O/dja
    • d
    • Instytucja, która zmodyfikowała rekord (P)
    • KR 295/MPs
041 -Język dokumentu [0, ]
    • a
    • Język tekstu (P)
    • włoski
    • a
    • Język tekstu (P)
    • francuski
    • b
    • Język streszczeń lub abstraktu (P)
    • francuski
    • b
    • Język streszczeń lub abstraktu (P)
    • włoski
044 -Kraj miejsca wydania [ , ]
    • a
    • Kraj miejsca wydania
    • Polska
    • a
    • Kraj miejsca wydania
    • Francja
942 -Rodzaj dokumentu [ , ]
    • c
    • Rodzaj dokumentu
    • Książka
245 -Strefa tytułu i oznaczenia odpowiedzialności [0,0]
    • a
    • Tytuł
    • "Dalle Steppe agli Oceani" : Find
    • b
    • Ciąg dalszy tytułu (NP)
    • le lingue d'Europa nei dizionari = "Des Steppes aux Océans" : les langues d'Europe dans les dictionnaires / Find
    • c
    • Pozostałe elementy strefy tytułu i oznaczenia odpowiedzialności (NP)
    • a cura di, sous la direction de Giovanni Dotoli, Angelo Rella.
246 -Wariant tytułu [3,1]
    • a
    • Tytuł (NP)
    • "Des Steppes aux Océans" :
    • b
    • Ciąg dalszy tytułu (NP)
    • les langues d'Europe dans les dictionnaires
260 -Strefa adresu wydawniczego [ , ]
    • a
    • Miejsce wydania (P)
    • Szczecin :
    • b
    • Nazwa wydawcy (P)
    • volumina.pl ;
    • a
    • Miejsce wydania (P)
    • Paris :
    • b
    • Nazwa wydawcy (P)
    • Alain Baudry & Cie Éditeur,
    • c
    • Data wydania (P)
    • 2014.
300 -Strefa opisu fizycznego [ , ]
    • a
    • Określenie formy książki i/lub objętość (NP)
    • 380 s. ;
    • c
    • Format (NP)
    • 21 cm.
336 -Typ zawartości [ , ]
    • a
    • Termin opisujący typ zawartości
    • Tekst
    • b
    • Kod określający zawartość
    • txt
    • 2
    • Źródło (terminu i kodu)
    • rdacontent
337 -Typ mediów [ , ]
    • a
    • Tryb odtwarzania
    • Bez urządzenia pośredniczącego
    • b
    • Kod typu mediów
    • n
    • 2
    • Źródło (terminu i kodu)
    • rdamedia
338 -Typ/rodzaj nośnika [ , ]
    • a
    • Hasło opisujące typ nośnika
    • Wolumin
    • b
    • Kod typu nośnika
    • nc
    • 2
    • Źródło (terminu i kodu)
    • rdacarrier
500 -Uwaga ogólna [ , ]
    • a
    • Uwaga ogólna (NP)
    • Materiały z konferencji o tym samym tytule.
546 -Uwaga dot. języka [ , ]
    • a
    • Uwaga dot. języka
    • Poszczególne rozdz. w jęz. fr., wł. Streszcz. fr. przy tekstach wł. i wł. przy tekstach fr.
650 -Hasło przedmiotowe [ ,7]
    • a
    • Hasło przedmiotowe
    • Encyklopedie i słowniki
    • x
    • Określnik rzeczowy
    • historia i krytyka
    • v
    • Określnik formalny
    • konferencje.
    • 2
    • Źródło terminu
    • kaba
    • 9
    • KHW
    • 352400
650 -Hasło przedmiotowe [ ,7]
    • a
    • Hasło przedmiotowe
    • Leksykografia
    • 2
    • Źródło terminu
    • DBN
    • 9
    • KHW
    • 723017
650 -Hasło przedmiotowe [ ,7]
    • a
    • Hasło przedmiotowe
    • Słownik
    • 2
    • Źródło terminu
    • DBN
    • 9
    • KHW
    • 739597
655 -Hasło w funkcji tematu formalnego [ ,7]
    • a
    • Hasło
    • Materiały konferencyjne
    • 2
    • Źródło terminu
    • DBN
    • 9
    • KHW
    • 721761
658 -Ujęcie treści [ , ]
    • a
    • dziedzina nauki i sztuki/ sfera aktywności życiowej
    • Bibliotekarstwo, archiwistyka, muzealnictwo
658 -Ujęcie treści [ , ]
    • a
    • dziedzina nauki i sztuki/ sfera aktywności życiowej
    • Historia
658 -Ujęcie treści [ , ]
    • a
    • dziedzina nauki i sztuki/ sfera aktywności życiowej
    • Językoznawstwo
700 -Hasło dodatkowe - nazwa osobowa [1, ]
    • a
    • Nazwa osobowa (NP)
    • Dotoli, Giovanni Find
    • d
    • Daty biograficzne (NP)
    • (1942- ).
    • e
    • Określenie rodzaju współpracy
    • Red.
    • 9
    • KHW
    • 43206
700 -Hasło dodatkowe - nazwa osobowa [1, ]
    • a
    • Nazwa osobowa (NP)
    • Rella, Angelo. Find
    • e
    • Określenie rodzaju współpracy
    • Red.
    • 9
    • KHW
    • 7456
710 -Hasło dodatkowe - nazwa ciała zbiorowego [2, ]
    • a
    • Nazwa ciała zbiorowego lub nazwa geograficzna jako pierwszy element (NP)
    • Volumina.pl Daniel Krzanowski.
    • 4
    • Kod relacji
    • pbl
    • 9
    • KHW
    • 61632
920 -ISBN [ , ]
    • a
    • ISBN
    • 978-83-7867-268-5 Find
920 -ISBN [ , ]
    • a
    • ISBN
    • 978-2-35755-136-7 Find
Numer inwentarzowy Status udost. Sygnatura Lokalizacja Data inwentaryzacji
Z.1204971 BG2015-06-11
BJM.2476-3 BM2023-10-13
P.311751 WŁ. Literaturoznawstwo 31BM2023-10-20